Trois Villes, un Pays - Statistiques

Statistiques générales
  • Ce quiz a été pris 125 fois
  • Le résultat moyen est 12 sur 15
Statistiques - réponses
Villes Pays % Correct
Shanghai, Shenzen, Wuhan Chine
100%
Barcelone, Séville, Tolède Espagne
99%
Gand, Anvers, Bruges Belgique
98%
Alexandrie, Louxor, Assouan Égypte
92%
Cracovie, Gdańsk, Wrocław Pologne
92%
Johannesbourg, Durban, East London Afrique du Sud
90%
Louisville, Salem, Richmond États-Unis
90%
Goteborg, Uppsala, Malmö Suède
89%
Vladivostok, Omsk, Tver Russie
87%
Manaus, Recife, Salvador Brésil
70%
Tombouctou, Djenné, Kita Mali
70%
Bassora, Mossoul, Erbil Irak
65%
Guantánamo, Holguín, Camagüey Cuba
63%
Bandung, Surabaya, Denpasar Indonésie
58%
Chongjin, Kaesong, Nampo Corée du Nord
51%
Aucun quiz correspondant
Distribution des résultats
% des personnes avec chaque résultat
Percentile par nombre de réponses
Votre historique - résultats
Vous n’avez pas pris ce quiz